书目信息 |
| 题名: |
抗冰雪报道作品选
|
|
| 作者: | ;中共中央宣传部 编 | |
| 分册: | 下 | |
| 出版信息: | 北京 学习出版社 2008.05 |
|
| 页数: | 625-1248页 | |
| 开本: | 24cm | |
| 丛书名: | ||
| 单 册: | ||
| 中图分类: | I253 , D632.5 | |
| 科图分类: | ||
| 主题词: | 新闻报道--xin wen bao dao--中国--现代--选集 , 雪害--xue hai--救灾--中国--2008--选集 | |
| 电子资源: | ||
| ISBN: | 978-7-80116-684-5 | |
| 000 | 01009nam0 2200253 450 | |
| 001 | 012009323246 | |
| 005 | 20090430100926.68 | |
| 010 | @a978-7-80116-684-5@dCNY65.00 | |
| 100 | @a20090430d2008 em y0chiy0120 ea | |
| 101 | 0 | @achi |
| 102 | @aCN@b110000 | |
| 105 | @ay z 000yy | |
| 106 | @ar | |
| 200 | 1 | @a抗冰雪报道作品选@Akang bing xue bao dao zuo pin xuan@h下@f中共中央宣传部新闻局编@Fzhong gong zhong yang xuan chuan bu xin wen ju bian |
| 210 | @a北京@c学习出版社@d2008.05 | |
| 215 | @a625-1248页@d24cm | |
| 330 | @a本书选录了08年抗击雪灾的新闻报道作品,全书共四部分:中央救灾抗灾决策部署新闻报道、中央领导同志赴灾区指导抗震救灾工作新闻报道、中央新闻媒体报道、部分省区市主要媒体新闻报道。 | |
| 606 | 0 | @a新闻报道@Axin wen bao dao@y中国@z现代@j选集 |
| 606 | 0 | @a雪害@Axue hai@x救灾@y中国@z2008@j选集 |
| 690 | @aI253@v4 | |
| 690 | @aD632.5@v4 | |
| 711 | 02 | @a中共中央宣传部@Azhong gong zhong yang xuan chuan bu@b新闻局@4编 |
| 801 | 0 | @aCN@bQSSK@c20090430 |
| 905 | @b738307-09@dI253@eZ547:2@f3 | |
| 抗冰雪报道作品选.下/中共中央宣传部新闻局编.-北京:学习出版社,2008.05 |
| 625-1248页;24cm |
| ISBN 978-7-80116-684-5:CNY65.00 |
| 本书选录了08年抗击雪灾的新闻报道作品,全书共四部分:中央救灾抗灾决策部署新闻报道、中央领导同志赴灾区指导抗震救灾工作新闻报道、中央新闻媒体报道、部分省区市主要媒体新闻报道。 |
| ● |
| 相关链接 |
|
|
|
正题名:抗冰雪报道作品选
索取号:I253/Z547:2
 
预约/预借
| 序号 | 登录号 | 条形码 | 馆藏地/架位号 | 状态 | 备注 |
| 1 | 738307 | 207383071 | 文学库108/400B社科库 26排3列4层/ [索取号:I253/Z547:2] | 在馆 | |
| 2 | 738308 | 207383080 | 文学库108/108文学库 67排6列3层/ [索取号:I253/Z547:2] | 在馆 | |
| 3 | 738309 | 207383099 | 文学库108/108文学库 67排6列3层/ [索取号:I253/Z547:2] | 在馆 |